Loading...
| History - American | 0 | 7 | 0 | 0 | 70 | 57 | 77.43 | 0 | 3 | 24.35 | 32.81 |
| History - World | 0 | 5 | 1 | 2 | 45 | 72 | 105.60 | 0 | 2 | 8.61 | 24.88 |
| Other Academic | 0 | 3 | 0 | 1 | 30 | 72 | 93.33 | 0 | 1 | 25.87 | 55.45 |
| Fine Arts - Painting and Sculpture | 0 | 3 | 0 | 0 | 30 | 76 | 107.33 | 0 | 0 | 4.70 | 11.65 |
| Science - Other | 0 | 3 | 1 | 0 | 25 | 47 | 63.33 | 2 | 2 | 11.43 | 21.40 |
| Literature - World | 0 | 2 | 0 | 1 | 20 | 127 | 134.50 | 0 | 0 | 0.72 | 4.55 |
| Geography | 0 | 2 | 0 | 0 | 20 | 102 | 102.50 | 0 | 0 | 19.54 | 59.09 |
| Social Science | 0 | 2 | 0 | 1 | 20 | 107 | 112.00 | 0 | 0 | 0.00 | 1.65 |
| Religion | 0 | 2 | 1 | 0 | 15 | 102 | 103.50 | 0 | 0 | 0.51 | 2.73 |
| Philosophy | 0 | 2 | 1 | 2 | 15 | 114 | 118.00 | 0 | 0 | 0.80 | 7.52 |
| History - Other | 0 | 2 | 1 | 1 | 15 | 118 | 120.00 | 0 | 0 | 0.49 | 3.64 |
| Fine Arts - Other | 0 | 2 | 1 | 0 | 15 | 99 | 116.00 | 0 | 0 | 1.66 | 11.16 |
| Current Events | 0 | 1 | 0 | 1 | 10 | 129 | 129.00 | 0 | 0 | 0.00 | 3.33 |
| History - European | 0 | 1 | 0 | 0 | 10 | 115 | 115.00 | 0 | 0 | 0.79 | 2.73 |
| Literature - American | 0 | 1 | 0 | 1 | 10 | 150 | 150.00 | 0 | 0 | 0.00 | 0.83 |
| Literature - British | 0 | 1 | 0 | 0 | 10 | 111 | 111.00 | 0 | 0 | 1.56 | 2.73 |
| Science - Chemistry | 0 | 1 | 0 | 0 | 10 | 44 | 44.00 | 1 | 1 | 5.84 | 9.09 |
| Science - Physics | 0 | 1 | 1 | 0 | 5 | 76 | 76.00 | 0 | 1 | 3.78 | 8.18 |
| Popular Culture | 0 | 0 | 1 | 0 | -5 | 0.00 | 0 | 0 | 0.00 | 0.00 | |
| Literature - European | 0 | 0 | 1 | 0 | -5 | 0.00 | 0 | 0 | 0.00 | 0.00 |